| 000 | 01481cam a22003251i 4500 | ||
|---|---|---|---|
| 003 | SA-RiAUC | ||
| 005 | 20250722064532.0 | ||
| 008 | 250721s2010 ba o g b 000 0 ara c | ||
| 020 | _a9789933440053 | ||
| 040 |
_aSA-JeALM _bara _cSA-RiAUC. _erda |
||
| 041 | 1 |
_aara _hund |
|
| 043 | _aar----- | ||
| 082 | 0 | 4 |
_a953.001 _qSA-RiAUC |
| 090 |
_a953.001 _bب ي ل |
||
| 100 | 1 |
_aبيل، غيرترود، _d1868-1926 _eمؤلف. |
|
| 245 | 1 | 0 |
_aأوراق منسية من تاريخ الجزيرة العربية : _bتقارير الاستخبارات البريطانية عن أوضاع الجزيرة العربية في أوائل القرن العشرين / _cغيرترود بيل ؛ ترجمة عطية بن كريم الظفيري. |
| 250 | _aالطبعة الأولى. | ||
| 264 | 1 |
_aالمنامة : _bمسعى للنشر والتوزيع، _c2010 |
|
| 300 |
_a154 صفحة : _bصور ؛ _c24 سم |
||
| 336 |
_aنص _btxt _2rdacontent _3كتاب |
||
| 337 |
_aبدون وسيط _bn _2rdamedia |
||
| 338 |
_aمجلد _bnc _2rdacarrier |
||
| 504 | _aببليوجرافية : صفحة 145. | ||
| 504 | _aيشتمل على إرجاعات ببليوجرافية. | ||
| 650 | 7 |
_aالمخابرات _zبريطانيا _2aucsh |
|
| 651 | 7 |
_aشبه الجزيرة العربية _xتاريخ _yقرن 20 _vمصادر _2aucsh |
|
| 700 | 1 |
_aالظفيري، عطية بن كريم _eمترجم. |
|
| 942 |
_2ddc _cBOOK _n0 |
||
| 949 |
_aSA-JeALM _d250721 _uosman123 _n1 |
||
| 999 |
_c10179 _d10179 |
||